Estadísticas para Capitales de Países en la Copa Mundial de la FIFA del 2022

Haz click aquí para intentar la prueba.

Estadísticas generales

  • Esta prueba ha sido intentada 80 veces
  • La puntuación promedio es 25 de 32

Estadísticas de respuestas

CountryCapital% Correcto
EspañaMadrid
100%
FranciaParís
99%
AlemaniaBerlín
97%
ArgentinaBuenos Aires
97%
InglaterraLondres
95%
MéxicoCiudad de México
92%
JapónTokio
90%
BrasilBrasilia
89%
UruguayMontevideo
89%
Países BajosÁmsterdam
86%
BélgicaBruselas
85%
PortugalLisboa
85%
EcuadorQuito
85%
Corea del SurSeúl
85%
Estados UnidosWashington D.C.
85%
CroaciaZagreb
82%
CatarDoha
79%
PoloniaVarsovia
78%
AustraliaCanberra
75%
CanadáOttawa
74%
SuizaBerna
71%
Costa RicaSan José
71%
DinamarcaCopenhague
70%
MarruecosRabat
70%
Arabia SauditaRiad
68%
GalesCardiff
66%
SenegalDakar
64%
TúnezTúnez
63%
SerbiaBelgrado
62%
IránTeherán
60%
GhanaAcra
44%
CamerúnYaundé
38%

Distribución de puntuación

Porcentaje por número respondido

Porcentaje de gente con cada puntuación

Historial de tus puntuaciones

No has intentado esta prueba.